Microcomputers in engineering applications/ (Record no. 4676)
| 000 -BAŞLIK | |
|---|---|
| Sabit Uzunluktaki Kontrol Alanı | 02136nam a22003377a 4500 |
| 001 - KONTROL NUMARASI | |
| Control Dosyası | 0004694 |
| 003 - KONTROL NUMARASI KİMLİĞİ | |
| Kontrol Alanı | KOHA_MİRAKIL |
| 005 - EN SON İŞLEM TARİHİ ve ZAMANI | |
| Kontrol Alanı | 20260207001422.0 |
| 007 - FİZİKSEL TANIM SABİT ALAN - GENEL BİLGİ | |
| Sabit uzunluklu kontrol alanı | ta |
| 008 - SABİT UZUNLUKTAKİ VERİ ÖGELERİ - GENEL BİLGİ | |
| Sabit Alan | 090506b1987 enk |||gr||||#||||0|eng | |
| 020 ## - ISBN - ULUSLARARASI STANDART KİTAP NUMARASI | |
| Isbn | 0471910430 |
| 040 ## - KATALOGLAMA KAYNAĞI | |
| Özgün Kataloglama Kurumu | TR-BiSEU |
| Kataloglama Dili | tur |
| Çeviri Kurumu | TR-BiSEU |
| Açıklama Kuralları | rda |
| 041 0# - DİL KODU | |
| Metin ya da ses kaydının dil kodu | eng |
| 044 ## - YAYINLAYAN/ÜRETEN KURULUŞUN ÜLKE KODU | |
| ISO country code | enk |
| 050 ## - SINIFLAMA ve YER NUMARASI | |
| Sınıflama Numarası | TA345 |
| Yer Numarası | .M49 1987 |
| 245 0# - ESER ADI BİLDİRİMİ | |
| Başlık | Microcomputers in engineering applications/ |
| Sorumluluk Bildirimi | edited by B.A. Schrefler, R.W. Lewis. |
| 264 #1 - ÜRERİM, YAYIN, DAĞITIM ve TELİF BİLDİRİMİ | |
| Yayın yeri | Chichester [West Sussex] ; New York : |
| Yayınlayan | Wiley |
| Yayın tarihi | 1987 |
| 300 ## - FİZİKSEL TANIMLAMA | |
| Sayfa, Cilt vb. | xii, 331 sayfa: resimli |
| 336 ## - İÇERİK TÜRÜ | |
| Content type term | metin |
| Content type code | txt |
| Source | rdacontent |
| 337 ## - MEDYA TÜRÜ | |
| Media type term | aracısız |
| Media type code | n |
| Source | rdamedia |
| 338 ## - TAŞIYICI TÜRÜ | |
| Carrier type term | cilt |
| Carrier type code | nc |
| Source | rdacarrier |
| 490 0# - DİZİ BİLDİRİMİ | |
| Dizi Bildirimi | Wiley series in numerical methods in engineering |
| 500 ## - GENEL NOT | |
| Genel Not | "A Wiley-Interscience publication." |
| 500 ## - GENEL NOT | |
| Genel Not | Includes bibliographies and indexes. |
| 505 ## - İÇİNDEKİLER NOTU | |
| İçindekiler Notu | Application of computers to engineering design and construction management / R.D. Logcher -- Developing effective finite element software for microcomputers / J.F. Stelzer -- Impact of new technologies on CAD/FEM systems / C. Knopf-Lenoir, M. Vayssade, G. Touzot -- User-friendly finite element stress analysis on a 16-bit microcomputer / E. Hinton, M.H. Ezzat, H.J.Anderson -- Integrated CAD-CAM software for steel structures on a microcomputer / E. Backx, J.P. Rammant -- Interactive design of tall buildings under static and dynamic loading / S. Odorizzi, B.A. Schrefler -- Implementation of boundary elements in micros / E. Alarcâon, Ma. S. Gomez Lera -- The analysis of some geotechnical engineering problems on a low-cost microcomputer / H. Thomas -- A finite element model for interface problems in groundwater flow / A. Verruijt -- Modelling tidal waves on microcomputers / K.P. Holz, W. Sander-Beuermann -- An implicit-explicit finite element microcomputer program for transient heat conduction analysis / M.R. Tadayon, R.W. Lewis, K. Morgan. |
| 650 #0 - KONU BAŞLIĞI EK GİRİŞ - KONU TERİMİ | |
| Konusal terim veya coğrafi ad | Engineering--Data processing. |
| 9 (RLIN) | 11560 |
| 650 #0 - KONU BAŞLIĞI EK GİRİŞ - KONU TERİMİ | |
| Konusal terim veya coğrafi ad | Computer-aided design. |
| 9 (RLIN) | 1715 |
| 650 #0 - KONU BAŞLIĞI EK GİRİŞ - KONU TERİMİ | |
| Konusal terim veya coğrafi ad | Microcomputers. |
| 9 (RLIN) | 11561 |
| 830 0# - SERİ EK GİRİŞİ - TEKBİÇİM ESER ADI | |
| Tekbiçim Başlık | Wiley series in numerical methods in engineering |
| 9 (RLIN) | 11562 |
| 942 ## - EK GİRİŞ ÖGELERİ (KOHA) | |
| Source of classification or shelving scheme | Library of Congress Classification |
| Koha item type | Book |
| Materyal Türü | Kalıcı Konum | Mevcut Konum | Raf Yeri | Sınıflandırma Kaynağı | Edinim Bilgisi | Ana Konular | Alt Konular | Yer Numarası | Demirbaş Numarası | Fatura Tarihi | Maliyet, Alış Fiyatı | Maliyet, Yenileme Fiyatı | Geri Çekilme Durumu | Kayıp Durumu | Hasarlı Durumu | Kredi için değil | Kayıt Tarih | Toplam Ödünçverme | Son Görülme Tarihi | Son Kontrol Tarihi | Genel / Bağış Notu |
|---|---|---|---|---|---|---|---|---|---|---|---|---|---|---|---|---|---|---|---|---|---|
| Book | Prof. Dr. Azmi Özcan Kütüphanesi | Prof. Dr. Azmi Özcan Kütüphanesi | Birûni Salonu | Library of Congress Classification | Bağış | TEKNOLOJİ | Mühendislik (Genel), İnşaat Mühendisliği (Genel) | TA345 .M49 1987 | 0004694 | 13/08/2010 | 3.00 | 3.00 | 06/05/2009 | 05/12/2024 | 05/12/2024 | Genel Bağış |
